Puttubalakeya paddanagalu (Record no. 142837)
[ view plain ]
| 000 -LEADER | |
|---|---|
| fixed length control field | 00739nam a2200229Ia 4500 |
| 003 - CONTROL NUMBER IDENTIFIER | |
| control field | OSt |
| 005 - DATE AND TIME OF LATEST TRANSACTION | |
| control field | 20250305152034.0 |
| 008 - FIXED-LENGTH DATA ELEMENTS--GENERAL INFORMATION | |
| fixed length control field | 210210b2004 xxu||||| |||| 00| 0 eng d |
| 040 ## - CATALOGING SOURCE | |
| Transcribing agency | AL |
| 041 ## - LANGUAGE CODE | |
| Language code of text/sound track or separate title | Tulu |
| 082 ## - DEWEY DECIMAL CLASSIFICATION NUMBER | |
| Classification number | T894.1 VIVP |
| 100 ## - MAIN ENTRY--PERSONAL NAME | |
| Personal name | VIVEKA (Rai B A) |
| 9 (RLIN) | 142815 |
| Dates associated with a name | ವಿವೇಕ ರೈ (ಬಿ ಎ) |
| 245 ## - TITLE STATEMENT | |
| Title | Puttubalakeya paddanagalu |
| Remainder of title | ಪುಟ್ಡುಬಳಕೆಯ ಪಾಡ್ದನಗಳು |
| 260 ## - PUBLICATION, DISTRIBUTION, ETC. | |
| Place of publication, distribution, etc. | Mamgalagamgothri |
| Name of publisher, distributor, etc. | Shri Dharmasthala Manjunatheshvara Tulupitha |
| Date of publication, distribution, etc. | 2004 |
| 300 ## - PHYSICAL DESCRIPTION | |
| Extent | 298 |
| 650 ## - SUBJECT ADDED ENTRY--TOPICAL TERM | |
| Topical term or geographic name entry element | PuttubaLakeya |
| 9 (RLIN) | 142816 |
| 650 ## - SUBJECT ADDED ENTRY--TOPICAL TERM | |
| Topical term or geographic name entry element | pADdanagaLu |
| 9 (RLIN) | 142817 |
| 690 ## - LOCAL SUBJECT ADDED ENTRY--TOPICAL TERM (OCLC, RLIN) | |
| Topical term or geographic name as entry element | Tulu Poetry |
| 9 (RLIN) | 142818 |
| 700 ## - ADDED ENTRY--PERSONAL NAME | |
| Personal name | YADUPAOTI GOVDA |
| 9 (RLIN) | 142819 |
| Dates associated with a name | ಯದುಪತಿ ಗೌಡ |
| 906 ## - LOCAL DATA ELEMENT F, LDF (RLIN) | |
| a | 064672 |
| 942 ## - ADDED ENTRY ELEMENTS (KOHA) | |
| Source of classification or shelving scheme | Dewey Decimal Classification |
| Koha item type | Book |
| Withdrawn status | Lost status | Source of classification or shelving scheme | Damaged status | Not for loan | Collection code | Home library | Current library | Date acquired | Source of acquisition | Cost, normal purchase price | Total Checkouts | Full call number | Barcode | Date last seen | Date last checked out | Price effective from | Koha item type |
|---|---|---|---|---|---|---|---|---|---|---|---|---|---|---|---|---|---|
| Dewey Decimal Classification | Tulu | St Aloysius Library | St Aloysius Library | 02/17/2021 | Laxmeesha Prakashana | 120.00 | 2 | T894.1 VIVP | 064672 | 05/12/2026 | 05/11/2026 | 02/17/2021 | Book |